000 00571nam a2200205 a 4500
008
020 _a1878975390 (pbk.)
049 _aMAIN
090 _aHG1615
100 _aRoussakis, E.N.
245 0 0 _aCases in commercial bank management /
_cE.N. Roussakis.
260 _aMiami, Fla. :
_bKolb,
_cc1994.
300 _a134 p. :
_bill. ;
_c28 cm
650 0 _aBank management
_xCase studies.
907 _a.b10059441
_b26-05-04
_c17-04-03
003
005 20230123133235.0
040 _cNUST
942 _cBOOKS
_kHG1615
999 _c145173
_d145173